Sikerül a múltat végképp eltörölni? a kétarcú Dél-Szlovákia – helyzetkép Szútorról és Madról, ahol Ivan Gašparovič és Iveta Radičová a legmagasabb százalékot érte el

Bibliographic Details
Main Author: Lőrincz, Adrián, 1972- (Author)
Format: Article
Language:Hungarian
PhysicalDescription:Fotogr.
ISSN:1335-7050
Subjects:

MARC

LEADER 00000nab a2200000 ar4500
001 vtls009515332
003 SK-MaSNL
005 20260318133044.0
008 090521c20090402xo |||||||| 000 b|hun
015 |a SNBRB2009/05  |2 snkbucl 
038 |a SNKBUCL 
040 |a DSZK  |b slo  |c DSZK  |e AACR2 
041 0 |a hun 
044 |a xo  |c SK 
080 |a 324:342.511  |x (437.6)  |2 2001 
080 |a 342.8  |x (437.6)  |2 2001 
100 1 |a Lőrincz, Adrián,  |d 1972-  |4 aut  |9 330033 
245 1 0 |a Sikerül a múltat végképp eltörölni?  |b a kétarcú Dél-Szlovákia – helyzetkép Szútorról és Madról, ahol Ivan Gašparovič és Iveta Radičová a legmagasabb százalékot érte el  |c Lőrincz Adrián 
300 |b Fotogr. 
500 |a Iveta Radičová získala v obci Mad 97,38 percenta hlasov, Ivan Gašparovič v obci Sútor 94,66 percenta hlasov 
600 1 7 |a Gašparovič, Ivan,  |d 1941-  |2 SNKMA  |9 189874 
600 1 7 |a Radičová, Iveta,  |d 1956-  |2 snkbucl  |9 106427 
648 7 |a 2009  |2 snkbucl  |9 320114 
650 0 7 |a prezidentské voľby  |2 SNKPH  |9 4489 
650 0 7 |a voliči  |2 snkbucl  |9 878559 
650 0 7 |a volebná účasť  |2 snkbucl  |9 420045 
651 7 |a Mád (Maďarsko)  |2 snkbucl  |9 114062 
651 7 |a Sútor (Slovensko)  |2 snkbucl  |9 24285 
655 7 |a reportáže  |2 snkbucl  |9 28856 
773 0 |t Új szó  |g Évf. 62, sz. 77 (2.4.2009), o. 13  |x 1335-7050 
852 |a SNK  |b KIS3GCP 
852 |a DSZK  |b KIS3GCP 
958 |a HU 
958 |a SK 
999 |c 2180608  |d 2182538